| 000 | 00744 a2200229 4500 | ||
|---|---|---|---|
| 003 | Nust | ||
| 005 | 20170207171640.0 | ||
| 010 | _a 2014033965 | ||
| 020 | _a9780199339136 (student edition) | ||
| 020 | _a9780199339181 (instructor's edition) | ||
| 040 | _cNust | ||
| 082 | 0 | 0 | _a621.3815 |
| 100 | 1 | _aSedra, Adel S., | |
| 245 | 1 | 0 |
_aMicroelectronic circuits (E-BOOK) _cAdel S. Sedra, University of Waterloo, Kenneth C. Smith, University of Toronto. |
| 250 | _aSeventh edition. | ||
| 300 |
_a1 volume (various pagings) : _billustrations ; _c27 cm. |
||
| 490 | 0 | _aThe Oxford series in electrical and computer engineering | |
| 650 | 0 | _aElectronic circuits. | |
| 650 | 0 | _aIntegrated circuits. | |
| 651 | _aE-Book | ||
| 700 | 1 | _aSmith, Kenneth C. | |
| 942 |
_2ddc _cBK |
||
| 999 |
_c218105 _d218105 |
||